000 00547nam a2200181Ia 4500
008 240428s9999||||xx |||||||||||||| ||und||
020 _a9788120721463
041 _aeng
082 _a333.7K
100 _aKarpagam, M.
245 0 _aEnvironmental economics: A textbook.
250 _a1st
260 _bSterling Publishers Private Ltd.
_aNew Delhi
_c1999
300 _axii,363p,photos,tabs, illus.
650 _aEnvironmental policy. - Environmental protection -- Economic aspects - Pollution -- Economic aspects.
942 _cBK
999 _c525
_d525